Statistics for African countries with the highest murder rates

Click here to take the quiz!

General Stats

  • This quiz has been taken 54 times
  • The average score is 15 of 20

Answer Stats

Murder rate per 100 000 people Country % Correct
9.85Nigeria
98%
33.97South Africa
96%
9.32Congo
94%
19.76C.A.R
92%
9.04Chad
88%
10.90Mali
88%
41.25Lesotho
86%
17.29Eswatini
82%
9.94Mauritania
82%
11.52Uganda
80%
13.90South Sudan
80%
17.14Namibia
78%
11.63Côte d’Ivoire
74%
15.04Botswana
74%
9.55Guinea-Bissau
70%
9.13Gambia
70%
9.00Togo
70%
11.49Cabo Verde
52%
12.74Seychelles
52%
13.55DRC
30%

Score Distribution

Percentile by Number Answered

Percent of People with Each Score

Your Score History

You have not taken this quiz